000 00601nam a2200241Ia 4500
003 OSt
005 20220924145832.0
006 a|||||r|||| 00| 0
007 ta
008 220923b |||||||| |||| 00| 0 tel d
020 _c160
024 _a330538
037 _cTextual
040 _aARTS
_cARTS
_btel
041 _2tel
_atel
082 _aO152,3N16,1, 35N2
100 _aRao P.Adeswara
_9220692
245 0 _aAmrutham
260 _c1992
650 _aHINDI LITERATURE
_923866
942 _hO152,3N16,1, 35N2
_cTEXL
_2CC
999 _c461353
_d461353